|
|
|
|
| LEADER |
02520nam a22004695i 4500 |
| 001 |
978-3-540-76776-3 |
| 003 |
DE-He213 |
| 005 |
20151204174338.0 |
| 007 |
cr nn 008mamaa |
| 008 |
100301s2008 gw | s |||| 0|eng d |
| 020 |
|
|
|a 9783540767763
|9 978-3-540-76776-3
|
| 024 |
7 |
|
|a 10.1007/978-3-540-76776-3
|2 doi
|
| 040 |
|
|
|d GrThAP
|
| 050 |
|
4 |
|a QK1-989
|
| 072 |
|
7 |
|a PST
|2 bicssc
|
| 072 |
|
7 |
|a SCI011000
|2 bisacsh
|
| 072 |
|
7 |
|a NAT026000
|2 bisacsh
|
| 082 |
0 |
4 |
|a 580
|2 23
|
| 245 |
1 |
0 |
|a Nuclear pre-mRNA Processing in Plants
|h [electronic resource] /
|c edited by Anireddy S. N. Reddy, Maxim Golovkin.
|
| 264 |
|
1 |
|a Berlin, Heidelberg :
|b Springer Berlin Heidelberg,
|c 2008.
|
| 300 |
|
|
|a XIII, 321 p.
|b online resource.
|
| 336 |
|
|
|a text
|b txt
|2 rdacontent
|
| 337 |
|
|
|a computer
|b c
|2 rdamedia
|
| 338 |
|
|
|a online resource
|b cr
|2 rdacarrier
|
| 347 |
|
|
|a text file
|b PDF
|2 rda
|
| 490 |
1 |
|
|a Current Topics in Microbiology and Immunology,
|x 0070-217X ;
|v 326
|
| 505 |
0 |
|
|a Spliceosomal Proteins in Plants -- Analysis of Alternative Splicing in Plants with Bioinformatics Tools -- Splice Site Requirements and Switches in Plants -- U12-Dependent Intron Splicing in Plants -- Plant SR Proteins and Their Functions -- Spatiotemporal Organization of Pre-mRNA Splicing Proteins in Plants -- Regulation of Splicing by Protein Phosphorylation -- mRNA Cap Binding Proteins: Effects on Abscisic Acid Signal Transduction, mRNA Processing, and Microarray Analyses -- Messenger RNA 3? End Formation in Plants -- State of Decay: An Update on Plant mRNA Turnover -- Regulation of Flowering Time by RNA Processing -- Alternative Splicing in Plant Defense -- Nuclear RNA Export and Its Importance in Abiotic Stress Responses of Plants -- Regulation of Alternative Splicing of Pre-mRNAs by Stresses -- Intron-Mediated Regulation of Gene Expression -- The Role of the Plant Nucleolus in Pre-mRNA Processing.
|
| 520 |
|
|
|a will follow.
|
| 650 |
|
0 |
|a Life sciences.
|
| 650 |
|
0 |
|a Plant science.
|
| 650 |
|
0 |
|a Botany.
|
| 650 |
1 |
4 |
|a Life Sciences.
|
| 650 |
2 |
4 |
|a Plant Sciences.
|
| 700 |
1 |
|
|a Reddy, Anireddy S. N.
|e editor.
|
| 700 |
1 |
|
|a Golovkin, Maxim.
|e editor.
|
| 710 |
2 |
|
|a SpringerLink (Online service)
|
| 773 |
0 |
|
|t Springer eBooks
|
| 776 |
0 |
8 |
|i Printed edition:
|z 9783540767756
|
| 830 |
|
0 |
|a Current Topics in Microbiology and Immunology,
|x 0070-217X ;
|v 326
|
| 856 |
4 |
0 |
|u http://dx.doi.org/10.1007/978-3-540-76776-3
|z Full Text via HEAL-Link
|
| 912 |
|
|
|a ZDB-2-SBL
|
| 950 |
|
|
|a Biomedical and Life Sciences (Springer-11642)
|